Genetics from genes to genomes

Đã lưu trong:
Bibliografiske detaljer
Format: Bog
Sprog:Undetermined
Udgivet: Boston, MA McGraw-Hill 2004
Fag:
Tags: Tilføj Tag
Ingen Tags, Vær først til at tagge denne postø!
Thư viện lưu trữ: Trung tâm Học liệu Trường Đại học Cần Thơ
LEADER 00463nam a2200181Ia 4500
001 CTU_68361
008 210402s9999 xx 000 0 und d
020 |b 80 
082 |a 576.5 
082 |b G328 
245 0 |a Genetics from genes to genomes 
245 0 |c Leland H. Hartwell ... [et al.] 
260 |a Boston, MA 
260 |b McGraw-Hill 
260 |c 2004 
650 |a Genetics 
904 |i Minh 
980 |a Trung tâm Học liệu Trường Đại học Cần Thơ